[Event "TCh-ESP 2nd Div 2018"]
[Site "Linares ESP"]
[Date "2018.08.15"]
[Round "2.4"]
[White "Jimenez Mompo,C"]
[Black "Arjol Lopez,Daniel"]
[Result "0-1"]
[WhiteElo "2054"]
[BlackElo "2137"]

1.d4 Nf6 2.Nf3 e6 3.c4 c5 4.d5 exd5 5.cxd5 d6 6.Nc3 g6 7.e4 Bg7 8.h3 a6 9.a4 O-O
10.Bd3 Re8 11.O-O Nbd7 12.Bf4 Qe7 13.Re1 Nh5 14.Bh2 Ne5 15.Be2 Kh8 16.Nd2 Qh4
17.Bxh5 Nd3 18.Bg3 Qxh5 19.Qxh5 gxh5 20.Re3 Ne5 21.f4 Bh6 22.Kf2 h4 23.Bh2 Ng6
24.Kf3 Bd7 25.Nc4 Bf8 26.a5 Bb5 27.Nb6 Rad8 28.Nxb5 axb5 29.Rb3 b4 30.Re3 Bg7
31.Nc4 Bd4 32.Re2 Rd7 33.Rae1 h5 34.Bg1 Bg7 35.Bh2 Kg8 36.Nb6 Rde7 37.Nc4 Rd8
38.Ra1 Nf8 39.f5 Be5 40.Bxe5 dxe5 41.b3 f6 42.Nb6 Nd7 43.Nxd7 Rdxd7 44.Rc1 Rg7
45.Re3 Rc7 46.Kf2 Kf7 47.g3 Rc8 48.gxh4 Ke7 49.Rg3 Rxg3 50.Kxg3 Kd6 51.Kf2 Rg8
52.Ra1 Ra8 53.Ke2 c4 54.bxc4 Kc5 55.Kd3 Rg8 56.a6 Rg3+ 57.Kc2 b3+ 58.Kd2 bxa6
59.Rxa6 Kd4 60.Rb6 Rg2+ 61.Ke1 b2 62.Kf1 Rh2 63.Kg1 Rc2  0-1

[Event "Korchnoi Memorial Open"]
[Site "St Petersburg RUS"]
[Date "2018.08.15"]
[Round "1.25"]
[White "Zakhartsov,Vl"]
[Black "Pryalukhin,Danila"]
[Result "1-0"]
[WhiteElo "2490"]
[BlackElo "2045"]

1.c4 e6 2.d4 Nf6 3.Nf3 c5 4.d5 exd5 5.cxd5 d6 6.Nc3 g6 7.e4 a6 8.a4 Bg4 9.Qb3 Bxf3
10.gxf3 Qe7 11.Bf4 Nh5 12.Bxd6 Qxd6 13.Qxb7 Bg7 14.Qxa8 Qb6 15.Bxa6 Qxb2
16.Bb5+ Ke7 17.d6+ Kf6 18.e5+ Kg5 19.Ne4+ Kh6 20.Rd1 Nf4 21.O-O Nd7 22.Qb7 Nxe5
23.Kh1 c4 24.Qb6 Ned3 25.Qe3 Bd4 26.Qd2 f5 27.Qxb2 Bxb2 28.Ng3 Ne5 29.Rd2 c3
30.Rc2 Nxf3 31.Rd1 Nd2 32.Ne2 Nxe2 33.Bxe2 Nb3 34.d7 Rd8 35.Bb5 Kg5 36.Re2 Nd2
37.Re8 c2 38.Rg1+  1-0

[Event "Korchnoi Memorial Open"]
[Site "St Petersburg RUS"]
[Date "2018.08.15"]
[Round "1.51"]
[White "Karpenko,Artem"]
[Black "Sheynin,I"]
[Result "1-0"]
[WhiteElo "2370"]
[BlackElo "1902"]

1.d4 Nf6 2.c4 c5 3.d5 e6 4.Nc3 exd5 5.cxd5 d6 6.Nf3 g6 7.Nd2 a6 8.a4 Nbd7
9.Nc4 Nb6 10.Nxb6 Qxb6 11.a5 Qc7 12.Bg5 Bg7 13.Qa4+ Qd7 14.Qf4 Qe7 15.Ra4 Bf5
16.Qd2 h6 17.Bxf6 Qxf6 18.g4 Bd7 19.Re4+ Kf8 20.Bg2 Re8 21.Rxe8+ Bxe8 22.O-O Qd4
23.Qxd4 Bxd4 24.e3 Bg7 25.f4 f5 26.gxf5 gxf5 27.Bh3 Bg6 28.Kf2 Kf7 29.Na4 Re8
30.b3 Bf6 31.Nb6 Bd8 32.Nc4 Bc7 33.Rb1 Rb8 34.b4 cxb4 35.Rxb4 Kf6 36.Nb6 Bxb6
37.Rxb6 Ke7 38.e4 fxe4 39.Ke3 Be8 40.Be6 Ba4 41.Kxe4 Bc2+ 42.Kd4 Bd1 43.Rb1 Ba4
44.Rg1 Kf6 45.f5 Be8 46.Rg8 Rd8 47.Ke4 Rb8 48.Bd7 Kf7 49.Rxe8 Rxe8+ 50.Bxe8+ Kxe8
51.f6  1-0

[Event "7th Ideon Andron Op 2018"]
[Site "Anogia GRE"]
[Date "2018.08.17"]
[Round "1.14"]
[White "Bhakti,K"]
[Black "Lazaridis,S"]
[Result "1-0"]
[WhiteElo "2312"]
[BlackElo "2066"]

1.d4 Nf6 2.c4 c5 3.d5 e6 4.Nc3 exd5 5.cxd5 d6 6.Nf3 g6 7.Bf4 a6 8.Nd2 Nbd7
9.a4 Nh5 10.Be3 Bg7 11.a5 Ne5 12.h3 f5 13.Nc4 O-O 14.Nb6 Rb8 15.Qb3 f4 16.Bd2 Bf5
17.O-O-O Qh4 18.e4 Bd7 19.Be1 f3 20.g3 Qe7 21.Kb1 g5 22.Bd2 h6 23.h4 g4 24.Bc4 Be8
25.Rhe1 Bg6 26.Ka2 Kh7 27.Nb1 Rbe8 28.Bf1 Nf6 29.Nc3 Qc7 30.Bf4 Nfd7 31.Nb1 Nf7
32.Bd3 Bd4 33.h5 Bxh5 34.e5+ Kg7 35.e6 Nxb6 36.axb6 Qd8 37.Rh1 Ng5 38.Rxh5 Bxf2
39.Bxg5 hxg5 40.Rh7+ Kg8 41.Rdh1 Bd4 42.Rd7 Qf6 43.Bh7+ Kh8 44.Bg6+ Kg8 45.Bf7+  1-0

[Event "TCh-ESP 2nd Div 2018"]
[Site "Linares ESP"]
[Date "2018.08.17"]
[Round "6.7"]
[White "Barranco Cara,F"]
[Black "Herrera Delgado,A"]
[Result "0-1"]
[WhiteElo "2149"]
[BlackElo "2248"]

1.d4 Nf6 2.Nf3 c5 3.d5 e6 4.c4 exd5 5.cxd5 d6 6.Nc3 g6 7.e4 Bg7 8.h3 O-O
9.Bd3 a6 10.a4 Nbd7 11.O-O Nh5 12.Be3 Re8 13.Qd2 Rb8 14.g4 Nhf6 15.Bf4 c4
16.Bxc4 b5 17.axb5 axb5 18.Bd3 Nc5 19.e5 b4 20.exf6 bxc3 21.bxc3 Nb3 22.Qd1 Qxf6
23.Bg5 Qxc3 24.Rb1 Bd7 25.Kg2 Ba4 26.Bc2 Rec8 27.Bxb3 Bxb3 28.Qe1 Qd3 29.Qe3 Qxe3
30.Bxe3 Bxd5 31.Rxb8 Rxb8 32.Rd1 Rb5 33.Kg3 Bf6 34.Bh6 Bb2 35.Nd4 Ra5 36.Rb1 Ra2
37.Nb5 f6 38.Bf4 Bc6 39.Nxd6 g5 40.Nf5 gxf4+ 41.Kxf4 Be5+ 42.Ke3 Kf7 43.Rb6 Ra3+
44.Ke2 Bf3+ 45.Kd2 Bf4+ 46.Kc2 Be4+ 47.Kb2 Rxh3 48.Rb4 Be5+  0-1

[Event "Korchnoi Memorial Open"]
[Site "St Petersburg RUS"]
[Date "2018.08.17"]
[Round "3.66"]
[White "Voskresenskaya,Marta"]
[Black "Eynullayev,Atilla"]
[Result "1-0"]
[WhiteElo "1963"]
[BlackElo "2165"]

1.d4 Nf6 2.Nf3 e6 3.c4 c5 4.d5 exd5 5.cxd5 d6 6.Nc3 g6 7.h3 a6 8.a4 Qe7 9.Bf4 Bg7
10.e3 O-O 11.Be2 Nbd7 12.O-O Ne8 13.Nd2 Ne5 14.Qb3 Nc7 15.Rad1 f5 16.Nc4 Nxc4
17.Bxc4 g5 18.Bh2 Rb8 19.a5 Kh8 20.Rfe1 Ra8 21.Na4 Ne8 22.Be2 Nf6 23.Nb6 Rb8
24.Nc4 Ne8 25.Bh5 Be5 26.Nxe5 dxe5 27.Qc3 Ra8 28.d6 Qe6 29.Qxe5+ Kg8 30.Bf3 Nf6
31.Qxc5 g4 32.hxg4 fxg4 33.Bd5 Nxd5 34.Qxd5 Qxd5 35.Rxd5 Be6 36.Rc5 Rac8
37.Rc7 Rf7 38.Rec1 Rcxc7 39.dxc7 Bc8 40.Rd1 Rd7 41.Rc1 Kf7 42.Kf1 h5 43.Ke2 Rd5
44.b4 h4 45.Rc4 Kf6 46.e4 Rd7 47.e5+ Kf5 48.Ke3 Re7 49.Bf4 Rd7 50.Rc5 Ke6
51.Rc1 Kf5 52.e6 Kxe6 53.Rh1 Kf5 54.g3 h3 55.f3 Re7+ 56.Kf2 Rh7 57.fxg4+ Kxg4
58.Re1 Bd7 59.Bd6 Rh8 60.Re4+ Kf5 61.Re5+ Kf6 62.Re1 Kf5 63.Be7 Re8 64.Rd1 Ke6
65.Bd8 Rh8 66.Re1+ Kf5 67.Rd1 Ke6 68.Bh4 Rf8+ 69.Kg1  1-0

[Event "China Zonal 3.5 2018"]
[Site "Daqing CHN"]
[Date "2018.08.18"]
[Round "9.11"]
[White "Zou,Chen"]
[Black "Liu,Zhaoqi"]
[Result "1/2-1/2"]
[WhiteElo "2381"]
[BlackElo "2267"]

1.d4 Nf6 2.c4 c5 3.d5 e6 4.Nc3 exd5 5.cxd5 d6 6.Nf3 g6 7.e4 Bg7 8.h3 O-O
9.Bd3 b5 10.Nxb5 Re8 11.O-O Nxe4 12.Re1 a6 13.Na3 Nf6 14.Rxe8+ Nxe8 15.Bg5 Bf6
16.Qd2 Bb7 17.Re1 Nd7 18.Qf4 Bxg5 19.Nxg5 Qf6 20.Qh4 h5 21.Be4 Qxb2 22.Rb1 Qxa3
23.Rxb7 Qc1+ 24.Kh2 Nef6 25.Qg3 Ne5 26.f3 Neg4+ 27.hxg4 Qxg5 28.gxh5 Qxh5+
29.Kg1 Nxe4 30.fxe4 Qd1+ 31.Kh2 Qh5+ 32.Kg1 Qd1+ 33.Kh2  1/2-1/2

[Event "US Chess Masters 2018"]
[Site "Greensboro USA"]
[Date "2018.08.18"]
[Round "2.35"]
[White "Yanayt,E"]
[Black "Vazquez Maccarini,Danitza"]
[Result "1-0"]
[WhiteElo "2081"]
[BlackElo "2295"]

1.d4 Nf6 2.c4 c5 3.d5 e6 4.Nc3 exd5 5.cxd5 d6 6.Nf3 g6 7.Nd2 Nbd7 8.e4 Bg7
9.Be2 O-O 10.O-O a6 11.a4 Re8 12.Re1 Rb8 13.Qc2 Ne5 14.Nf1 c4 15.a5 b5 16.axb6 Qxb6
17.h3 Bd7 18.Ra2 Bb5 19.Be3 Qb7 20.Nxb5 axb5 21.Ra7 Qc8 22.f3 Ned7 23.g4 Nxd5
24.exd5 Rxe3 25.Nxe3 Bd4 26.Ra3 b4 27.Qe4 Qc5 28.Ra6 Bxe3+ 29.Kg2 Nb6 30.Bxc4 Bd2
31.Re2 Nxc4 32.Rc6 Ne3+ 33.Kh1 Qb5 34.Rxd2 Nf1 35.Rg2 Ra8 36.Kg1 Ra1 37.Rc8+ Kg7
38.Qd4+ f6 39.Rc7+ Kg8 40.Rc8+ Kg7 41.Rc7+ Kg8 42.Kf2 g5 43.Rc8+ Kg7 44.Rc7+ Kg8
45.Rg1 Rb1 46.Rc8+ Kg7 47.Rc7+ Kg8 48.Re7 Rc1 49.Re2 Rc4 50.Qa7 Nh2 51.Rge1 Rc8
52.Qe3 Kg7 53.Qe7+ Kg6 54.Qe4+ Kg7 55.Qf5 Qc5+ 56.Kg2  1-0

[Event "Korchnoi Memorial Open"]
[Site "St Petersburg RUS"]
[Date "2018.08.18"]
[Round "4.118"]
[White "Anisimov,Artem"]
[Black "Dashdorzh,Ariunaa"]
[Result "1-0"]
[WhiteElo "1839"]
[BlackElo "1549"]

1.d4 Nf6 2.c4 c5 3.Nf3 e6 4.d5 exd5 5.cxd5 d6 6.Nc3 g6 7.h3 Bg7 8.e4 O-O
9.Bd3 a6 10.a4 Nbd7 11.O-O Ne8 12.Bf4 Qe7 13.Qe2 Nc7 14.Bh2 Rb8 15.a5 Ne5
16.Nxe5 Bxe5 17.f4 Bd4+ 18.Kh1 f5 19.e5 Bxc3 20.bxc3 dxe5 21.Bc4 Qf7 22.fxe5 b5
23.e6 Qg7 24.Be5 Rf6 25.Bxc7 Qxc7 26.e7 Be6 27.Ba2 Bf7 28.e8=Q+ Rxe8 29.Qxe8+ Bxe8
30.d6+ Qf7 31.Bxf7+ Kxf7 32.Rad1 Bd7 33.Rfe1 Re6 34.Kg1 b4 35.cxb4 cxb4 36.Kf2 b3
37.Re3 Rxe3 38.Kxe3 Ke6 39.Kd4 Kxd6 40.Kc4+ Ke6 41.Kxb3 Bc6 42.g3 g5 43.Kc4 f4
44.gxf4 gxf4 45.Kd4 Kf5 46.Rg1 h5 47.Rg8 Bb5 48.h4 Be2 49.Rg5+ Kf6 50.Ke4 f3
51.Ke3 Bd1 52.Kf2 Be2 53.Rxh5 Kg6 54.Rc5 Kh6 55.Re5  1-0

[Event "China Zonal 3.5 2018"]
[Site "Daqing CHN"]
[Date "2018.08.19"]
[Round "10.19"]
[White "Ning,Kaiyu"]
[Black "Lian,Shian"]
[Result "1-0"]
[WhiteElo "2244"]
[BlackElo "1462"]

1.d4 Nf6 2.c4 c5 3.d5 e6 4.Nc3 exd5 5.cxd5 d6 6.Nf3 g6 7.Bf4 Bg7 8.Qa4+ Bd7
9.Qb3 Qc7 10.e4 O-O 11.Nd2 Nh5 12.Be3 a6 13.a4 Re8 14.Be2 Nf6 15.h3 Bc8 16.O-O Nbd7
17.f4 b6 18.Bf3 Bb7 19.Rfe1 Rac8 20.Nc4 h5 21.Bf2 Nh7 22.Bg3 Nhf8 23.Kh1 Bxc3
24.bxc3 a5 25.e5 dxe5 26.fxe5 Ba6 27.Nd6 c4 28.Qd1 Nc5 29.Nxc8 Qxc8 30.Rb1 Nb3
31.Qe2 Nd7 32.e6 fxe6 33.dxe6 Ndc5 34.e7 Nxa4 35.Bd5+ Kh7 36.Qf3 Qf5 37.Qxf5 gxf5
38.Bc6 Nxc3 39.Bxe8 Nxb1 40.Bg6+ Kxg6 41.e8=Q+ Kf6 42.Qe7+ Kg6 43.Re6+  1-0

[Event "Korchnoi Memorial Open"]
[Site "St Petersburg RUS"]
[Date "2018.08.19"]
[Round "5.33"]
[White "Zakhartsov,Vl"]
[Black "Sukhareva,E"]
[Result "1-0"]
[WhiteElo "2490"]
[BlackElo "2169"]

1.c4 Nf6 2.d4 e6 3.Nf3 c5 4.d5 exd5 5.cxd5 d6 6.Nc3 g6 7.e4 Bg7 8.Bb5+ Nfd7
9.Bf4 Qe7 10.O-O O-O 11.Re1 Ne5 12.Nxe5 Bxe5 13.Bxe5 Qxe5 14.Qd2 g5 15.h4 f6
16.g3 g4 17.Ne2 a6 18.Bd3 Nd7 19.b4 b6 20.bxc5 bxc5 21.Qf4 h5 22.Qh6 Rf7
23.Rab1 Rh7 24.Qd2 Qe7 25.e5 Nxe5 26.Bxh7+ Kxh7 27.Qc2+ Kg7 28.Nf4 Qf7 29.Kg2 Nf3
30.Re3 Nd4 31.Qb2 Bf5 32.Qb7 Ra7 33.Qxf7+ Kxf7 34.Rb6 Rc7 35.Rxd6 Nc2 36.Rb3 Be4+
37.Kf1 Bf3 38.Rbb6 Re7 39.Rxf6+ Ke8 40.Rb8+  1-0

[Event "Korchnoi Memorial Open"]
[Site "St Petersburg RUS"]
[Date "2018.08.21"]
[Round "7.59"]
[White "Gutkovich,Polina"]
[Black "Pesotskiy,Mikhail"]
[Result "0-1"]
[WhiteElo "2055"]
[BlackElo "2239"]

1.d4 Nf6 2.c4 c5 3.d5 e6 4.Nc3 exd5 5.cxd5 d6 6.Nf3 g6 7.Bf4 a6 8.a4 Bg7
9.h3 O-O 10.e3 Qa5 11.Nd2 Ne8 12.Rc1 b5 13.axb5 axb5 14.Nxb5 Bxb2 15.Rb1 Bh8
16.Nxd6 Nxd6 17.Bxd6 Rd8 18.Rb5 Qc3 19.Rxc5 Qb4 20.Rxc8 Qxd6 21.Rxd8+ Qxd8
22.Qb3 Ra1+ 23.Ke2 Nd7 24.g3 Qa5 25.Ne4 Qa6+ 26.Kd2 Ra2+ 27.Kd1 Ra1+ 28.Kd2 Rxf1
29.Rxf1 Qxf1 30.Qb7 Nf8 31.d6 Qc4 32.f3 Qe6 33.g4 f5 34.gxf5 gxf5 35.Ng5 Qxd6+
36.Ke2 Bf6 37.Qb3+ Kg7 38.Qf7+ Kh8 39.Ne6 Qa6+ 40.Kd2 Qa2+ 41.Kd3 Qd5+ 42.Ke2 Nxe6
43.Qxf6+ Kg8 44.h4 Ng7 45.Qg5 Qc4+ 46.Kf2 Qc2+ 47.Kg3 Qc7+ 48.Kh3 Qf7 49.Qd8+ Qf8
50.Qd5+ Kh8 51.Qe5 h6 52.Qf4 Kh7 53.e4 Nh5 54.Qc7+ Qg7 55.Qd6 f4  0-1

[Event "Korchnoi Memorial Open"]
[Site "St Petersburg RUS"]
[Date "2018.08.21"]
[Round "7.82"]
[White "Kavyev,Ruslan"]
[Black "Sirin,Mikhail"]
[Result "1-0"]
[WhiteElo "2201"]
[BlackElo "1994"]

1.d4 Nf6 2.c4 e6 3.Nf3 c5 4.d5 exd5 5.cxd5 d6 6.Nc3 g6 7.Nd2 Bg7 8.e4 O-O
9.Be2 a6 10.a4 Nbd7 11.O-O Qe7 12.f4 Rb8 13.Qc2 Re8 14.h3 Nh5 15.Bxh5 gxh5
16.Qd3 Kh8 17.Kh1 Nf6 18.a5 h4 19.Qf3 b5 20.axb6 Rxb6 21.Re1 Rb4 22.b3 Nh5
23.Qxh5 Bxc3 24.Rb1 Rd4 25.Re2 f5 26.e5 Rxf4 27.Nf3 Rxf3 28.Qxf3 Bxe5 29.Bb2 Rf8
30.Rbe1 Qg5 31.Bxe5+ dxe5 32.Rxe5 Bb7 33.Re7 Qd2 34.Qh5  1-0

[Event "Korchnoi Memorial Open"]
[Site "St Petersburg RUS"]
[Date "2018.08.22"]
[Round "8.64"]
[White "Zabolotnov,Evgeny"]
[Black "Eynullayev,Altay"]
[Result "1-0"]
[WhiteElo "2047"]
[BlackElo "2180"]

1.d4 Nf6 2.c4 e6 3.Nf3 c5 4.d5 exd5 5.cxd5 d6 6.Nc3 g6 7.e4 a6 8.a4 Bg4 9.Be2 Bxf3
10.Bxf3 Bg7 11.O-O O-O 12.Bf4 Qe7 13.Re1 Nbd7 14.Qd2 Rab8 15.Be2 Rfe8 16.a5 h5
17.Bg5 Qf8 18.Bd3 Nh7 19.Bf4 Qe7 20.Bh6 Bf6 21.f4 Bd4+ 22.Kh1 Ndf6 23.Be2 Bxc3
24.Qxc3 Nxe4 25.Qg7+  1-0

[Event "28th EY Girls U16 2018"]
[Site "Riga LAT"]
[Date "2018.08.23"]
[Round "4.12"]
[White "Swiech,Joanna"]
[Black "Rudzinska,Michalina"]
[Result "1/2-1/2"]
[WhiteElo "1946"]
[BlackElo "2003"]

1.d4 Nf6 2.c4 e6 3.Nf3 c5 4.d5 exd5 5.cxd5 d6 6.Nc3 g6 7.e4 Bg7 8.h3 O-O
9.Bd3 Re8 10.O-O a6 11.a4 Nbd7 12.a5 Qc7 13.Qe2 b5 14.axb6 Nxb6 15.Be3 c4
16.Bc2 Nfd7 17.Ra5 Rb8 18.Rfa1 Ne5 19.Nd4 Nbd7 20.f4 Nd3 21.Bxd3 cxd3 22.Qxd3 Rxb2
23.Nc6 Bb7 24.Nd1 Rb5 25.Rxb5 Bxa1 26.Rb1 Bg7 27.Rc1 Nc5 28.Bxc5 dxc5 29.Rxc5 Qb6
30.Qe3 Rxe4 31.Qxe4 Qxc5+ 32.Kh2 a5 33.Qa4 Bxc6 34.dxc6 Bf8 35.Nb2 Bd6 36.Nd3 Qc3
37.Ne5 Bxe5 38.fxe5 Qxe5+ 39.Kh1 Qc5 40.Qd1 Qxc6 41.Qd8+ Kg7 42.Qxa5  1/2-1/2

[Event "Korchnoi Memorial Open"]
[Site "St Petersburg RUS"]
[Date "2018.08.23"]
[Round "9.35"]
[White "Tran,Minh Thang"]
[Black "Pryalukhin,Danila"]
[Result "1-0"]
[WhiteElo "2335"]
[BlackElo "2045"]

1.d4 c5 2.d5 Nf6 3.c4 e6 4.Nc3 exd5 5.cxd5 d6 6.Nf3 g6 7.Bf4 Bg7 8.Qa4+ Bd7
9.Qb3 Qc7 10.h3 O-O 11.e3 Nh5 12.Bh2 f5 13.Be2 f4 14.O-O Bh6 15.Ne4 Bf5 16.Nfd2 Qe7
17.Bxh5 gxh5 18.Bxf4 Bxf4 19.exf4 Bxe4 20.Rae1 Bxd5 21.Qxd5+ Qf7 22.Qxd6 Nc6
23.Qxc5 Qxa2 24.Nc4 Kh8 25.Re4 Rfe8 26.Rxe8+ Rxe8 27.Nd6 Rb8 28.Qc3+ Kg8
29.Nf5  1-0

[Event "15th Avicenna Open 2018"]
[Site "Hamedan IRI"]
[Date "2018.08.24"]
[Round "9.1"]
[White "Tahbaz,Arash"]
[Black "Asgarizadeh,A"]
[Result "1/2-1/2"]
[WhiteElo "2449"]
[BlackElo "2416"]

1.d4 Nf6 2.c4 c5 3.d5 e6 4.Nc3 exd5 5.cxd5 d6 6.Nf3 g6 7.g3 Bg7 8.Bg2 O-O
9.O-O a6 10.a4 Nbd7 11.Nd2 Re8 12.h3 Rb8 13.Nc4 Ne5 14.Na3 Nh5 15.e4 Bd7
16.f4 Nxg3 17.fxe5 Bxe5 18.Rf2 b5 19.Qf3 f5 20.exf5 gxf5 21.axb5 axb5 22.Bf4 Qh4
23.Bxe5 Rxe5 24.Kh2 Nh5 25.Rg1 Nf6 26.Bf1+ Ng4+ 27.Kh1 Kh8 28.Rfg2 Qh6 29.Nd1 Nf6
30.Rg7 f4 31.Rxd7 Nxd7 32.Nxb5 Rf8 33.Nc7 Rb8 34.Nb5 Rf8 35.Nc7 Rb8  1/2-1/2

[Event "Lviv Cup GM 2018"]
[Site "Lviv UKR"]
[Date "2018.08.24"]
[Round "6.4"]
[White "Vovk,Y"]
[Black "Tanriverdi,Enes"]
[Result "1-0"]
[WhiteElo "2564"]
[BlackElo "2276"]

1.d4 Nf6 2.c4 e6 3.Nc3 c5 4.d5 exd5 5.cxd5 d6 6.Nf3 g6 7.Nd2 Bg7 8.e4 O-O
9.Be2 Re8 10.O-O Nbd7 11.Qc2 a6 12.a4 Nh5 13.Bxh5 gxh5 14.Ra3 Ne5 15.Ne2 h4
16.h3 Ng6 17.Nc4 Qe7 18.Nb6 Rb8 19.Re3 Qc7 20.a5 Bd7 21.f4 f5 22.exf5 Rxe3
23.Bxe3 Ne7 24.Nd4 Bxd4 25.Bxd4 Nxf5 26.Bf2 Re8 27.Qd1 Re7 28.Qh5 Rg7 29.Re1 Rg6
30.Bxh4 Rh6 31.Re8+ Kg7 32.Qg5+ Rg6 33.Re7+ Kg8 34.Rxd7 Qxd7 35.Nxd7 Rxg5
36.Bxg5  1-0

[Event "28th EY Open U16 2018"]
[Site "Riga LAT"]
[Date "2018.08.24"]
[Round "5.8"]
[White "Postnikov,Roman"]
[Black "Szpar,Milosz"]
[Result "1-0"]
[WhiteElo "2070"]
[BlackElo "2365"]

1.d4 Nf6 2.c4 e6 3.Nf3 c5 4.d5 exd5 5.cxd5 d6 6.Nc3 g6 7.e4 Bg7 8.Bb5+ Nfd7
9.a4 O-O 10.O-O a6 11.Bd3 Re8 12.Bf4 Qc7 13.Rc1 b6 14.Re1 Ne5 15.Nxe5 Bxe5
16.Bxe5 dxe5 17.Bc4 Qd6 18.Qb3 Nd7 19.Nd1 Nf6 20.Qd3 Qd7 21.Ne3 Bb7 22.Bb3 Rab8
23.a5 bxa5 24.Rxc5 a4 25.Ba2 Qd6 26.Rc4 Nd7 27.Qa3 Qxa3 28.bxa3 Rec8 29.Rb1 Rxc4
30.Nxc4 f6 31.f3 Kf8 32.Nb6 Rd8 33.Nxd7+ Rxd7 34.Rb6 f5 35.Bc4 fxe4 36.fxe4 Rc7
37.Rb4 Bc8 38.d6 Rb7 39.d7 Rxd7 40.Rb8 Rd8 41.Bxa6 Ke7 42.Rxc8  1-0

[Event "6th ch-Francophonie 2018"]
[Site "Tirana ALB"]
[Date "2018.08.26"]
[Round "1.7"]
[White "Miralles,G"]
[Black "Ouadi,W"]
[Result "1-0"]
[WhiteElo "2422"]
[BlackElo "1879"]

1.d4 Nf6 2.c4 e6 3.Nf3 c5 4.d5 exd5 5.cxd5 d6 6.Nc3 g6 7.g3 Bg7 8.Bg2 O-O
9.O-O a6 10.a4 Nbd7 11.Nd2 Rb8 12.Nc4 Nb6 13.Nxd6 Bg4 14.a5 Nbd7 15.Nc4 Re8
16.h3 Bf5 17.Bf4 h5 18.Nd6 Ne5 19.Nxe8 Nxe8 20.Qc1 Nd6 21.Qe3 Ndc4 22.Qxc5 Nxb2
23.Qb6 Qxb6 24.axb6 Rc8 25.Rac1 a5 26.Nb5 Nec4 27.Bc7 a4 28.d6 a3 29.Bxb7 Nd2
30.Bxc8 Bxc8 31.d7  1-0

[Event "2nd Aftab Cup Open 2018"]
[Site "Khomeyn IRI"]
[Date "2018.08.27"]
[Round "4.9"]
[White "Gholami Orimi,Mahdi"]
[Black "Bahrami Hezaveh,Navid"]
[Result "1-0"]
[WhiteElo "2333"]
[BlackElo "2024"]

1.d4 Nf6 2.c4 c5 3.d5 e6 4.Nc3 exd5 5.cxd5 d6 6.Nf3 g6 7.Nd2 Bh6 8.Nc4 Bxc1
9.Qxc1 O-O 10.Qf4 Na6 11.Qxd6 Qxd6 12.Nxd6 Nb4 13.O-O-O Ng4 14.Nde4 f5 15.h3 fxe4
16.hxg4 Rxf2 17.a3 Na6 18.g5 Bf5 19.g4 Bxg4 20.Nxe4 Rf4 21.Nf6+ Rxf6 22.gxf6 Rf8
23.Bh3 Bxh3 24.Rxh3 Rxf6 25.d6 Rf8 26.d7 Rd8 27.Re3 Kf7 28.Rf1+ Kg7 29.Re7+ Kh6
30.Rff7 Nb8 31.Rxh7+ Kg5 32.e4 Nc6 33.Re8 Kf6 34.e5+  1-0

[Event "TCh-SRB Premier 2018"]
[Site "Valjevo SRB"]
[Date "2018.09.03"]
[Round "4.6"]
[White "Yilmaz,M"]
[Black "Perunovic,Mil"]
[Result "1-0"]
[WhiteElo "2630"]
[BlackElo "2593"]

1.d4 Nf6 2.c4 e6 3.Nf3 c5 4.d5 d6 5.Nc3 exd5 6.cxd5 g6 7.Bf4 a6 8.e4 Bg4
9.Qa4+ Nbd7 10.Nd2 b5 11.Qc2 Nh5 12.Be3 Nb6 13.h3 Bd7 14.g4 Nf6 15.Bf4 Qe7
16.Be2 Bg7 17.Nd1 O-O 18.Ne3 Rfe8 19.Bf3 Na4 20.O-O c4 21.Bg3 Rac8 22.Rae1 h5
23.gxh5 Nxh5 24.Bxh5 gxh5 25.e5 Bxe5 26.Kh1 Bxg3 27.fxg3 Bxh3 28.Ng4 Qxe1
29.Nf6+ Kf8 30.Nh7+ Kg7 31.Ng5 Qxf1+ 32.Nxf1 Bxf1 33.Qh7+ Kf6 34.Qh6+ Ke7
35.Ne4 Rcd8 36.Qf6+ Kd7 37.Qxd6+ Kc8 38.Qxa6+ Kc7 39.Qa7+ Kc8 40.d6  1-0

[Event "TCh-SRB Premier w 2018"]
[Site "Valjevo SRB"]
[Date "2018.09.04"]
[Round "5.4"]
[White "Vuckovic,J"]
[Black "Ostojic,Katarina"]
[Result "1-0"]
[WhiteElo "1992"]
[BlackElo "2134"]

1.d4 Nf6 2.c4 c5 3.d5 e6 4.Nc3 exd5 5.cxd5 d6 6.Nf3 g6 7.Nd2 Bg7 8.Nc4 O-O
9.Bf4 Ne8 10.e3 a6 11.a4 f5 12.h3 Qc7 13.a5 Nd7 14.Ra3 b5 15.axb6 Nxb6 16.Rb3 Nxc4
17.Bxc4 Nf6 18.O-O Nd7 19.Qe2 Ne5 20.Ra1 a5 21.Rba3 Bd7 22.Nb5 Bxb5 23.Bxb5 Rfb8
24.R1a2 c4 25.Bc6 Ra6 26.Bxe5 Bxe5 27.f4 Bg7 28.Qxc4 Qa7 29.Qe2 Qb6 30.Ra4 Bxb2
31.Rxb2 Qxb2 32.Qxa6 Qc1+ 33.Qf1 Qxe3+ 34.Kh2 Rb3 35.Ra1 Qg3+ 36.Kh1 Rb2
37.Qf3 Qh4 38.Rf1 Qf6 39.Qe3 Rb4 40.Qe6+ Qxe6 41.dxe6 Kf8 42.Ra1 Ke7 43.Bd7 a4
44.Rxa4 Rxa4 45.Bxa4 Kxe6 46.g3 h6 47.Kg2 d5 48.Kf3 g5 49.Ke3 Kf6 50.Kd4 Kg6
51.Bd1 h5 52.h4 gxf4 53.gxf4  1-0

[Event "TCh-SRB Premier 2018"]
[Site "Valjevo SRB"]
[Date "2018.09.05"]
[Round "6.5"]
[White "Yilmaz,M"]
[Black "Ivanisevic,I"]
[Result "0-1"]
[WhiteElo "2630"]
[BlackElo "2574"]

1.d4 Nf6 2.c4 e6 3.Nf3 c5 4.d5 d6 5.Nc3 exd5 6.cxd5 g6 7.Bf4 Nbd7 8.a4 Nh5
9.Bg5 Be7 10.Bh6 Bf6 11.Ne4 Qe7 12.Nxf6+ Ndxf6 13.Ra3 Ng4 14.Bd2 O-O 15.h3 Ne5
16.g4 Nxf3+ 17.Rxf3 Ng7 18.Bg2 f5 19.Rg3 Bd7 20.O-O Rae8 21.Re1 Qf6 22.Bc3 Qh4
23.e4 fxg4 24.hxg4 Rf4 25.Bf3 Ref8 26.Re3 R8f7 27.b3 Ne8 28.e5 dxe5 29.Bxe5 Rxf3
30.Rgxf3 Qxg4+ 31.Kf1 Qh5 32.Bb8 Qh1+ 33.Ke2 Qxd1+ 34.Kxd1 Rxf3 35.Rxf3 Bg4
36.Ke2 a6 37.Ke3 Bxf3 38.Kxf3 Nf6 39.Kf4 Kf7 40.Bd6 Nxd5+ 41.Kg5 c4 42.bxc4 Nb6
43.a5 Nxc4 44.Bc7 h5 45.Kf4 Kf6 46.Bd8+ Ke6 47.Kg5 Ne5 48.Bc7 Nf3+ 49.Kf4 Nd4
50.Bb6 Nf5 51.Kg5 h4 52.Bc7 h3 53.Kg4 Nd6 54.Kxh3 Kd7 55.Bb8 Nc4 56.Kg4 Nxa5
57.Kg5 Nc6 58.Bg3 Ne7 59.Kf6 a5  0-1

[Event "ch-POR 2018"]
[Site "Braga POR"]
[Date "2018.09.06"]
[Round "6.1"]
[White "Rocha,S"]
[Black "Veiga,Jose Francisco R P Neves"]
[Result "1/2-1/2"]
[WhiteElo "2379"]
[BlackElo "2231"]

1.d4 Nf6 2.Nf3 c5 3.d5 e6 4.c4 exd5 5.cxd5 d6 6.Nc3 g6 7.Bf4 a6 8.a4 Bg7
9.h3 O-O 10.e3 Qe7 11.Be2 Nbd7 12.O-O Ne8 13.Nd2 f5 14.Re1 Nc7 15.Nc4 Ne5
16.Nb6 Rb8 17.Bh2 g5 18.f4 Nd7 19.Nxc8 Rfxc8 20.fxg5 Qxe3+ 21.Kh1 Ne5 22.Bxa6 Qxg5
23.Bxe5 Bxe5 24.Rxe5 bxa6 25.Re2 Re8 26.Rf2 Re5 27.Qf1 Rbe8 28.Rf3 Qd2 29.Rf2 Qg5
30.Rd1 Kh8 31.Rf3 Rg8 32.Qf2 Ne8 33.Rf1 Nf6 34.g4 Nxd5 35.Rxf5 Rxf5 36.Qxf5 Qh6
37.Qf3 Ne3 38.Qf6+ Qxf6 39.Rxf6 Rg6 40.Rxg6 hxg6 41.Ne4 Nc4 42.b3 Na5 43.Nxd6 Nxb3
44.Kg2 Kg7 45.h4 Kf6 46.Kf3 Ke5 47.Nc4+ Kd5 48.Ne3+ Ke5 49.Nc4+ Kd5 50.Nb6+ Ke5
51.h5 gxh5 52.gxh5 Kf5 53.Ke3 c4 54.Nxc4 Kg5 55.Ne5 Nc5 56.a5 Kxh5 57.Nc6 Nb7
58.Kd4 Nxa5 59.Nxa5  1/2-1/2

[Event "Istanbul Open 2018"]
[Site "Istanbul TUR"]
[Date "2018.09.07"]
[Round "8.4"]
[White "Aliakbarov,A"]
[Black "Guven,Oguz Kagan"]
[Result "0-1"]
[WhiteElo "2322"]
[BlackElo "2022"]

1.d4 Nf6 2.c4 c5 3.d5 e6 4.Nc3 exd5 5.cxd5 d6 6.Nf3 g6 7.Bf4 a6 8.a4 Bg7
9.h3 O-O 10.Nd2 Nh5 11.Bh2 f5 12.g3 Nd7 13.g4 fxg4 14.hxg4 Qh4 15.Nf3 Qxg4
16.Bxd6 Re8 17.e3 Qb4 18.Qc2 Ndf6 19.Rh4 Qb6 20.Bh2 Bf5 21.a5 Qd8 22.Bd3 Bxd3
23.Qxd3 Nd7 24.d6 Qf6 25.Qd5+ Kh8 26.Ke2 Rf8 27.Rh1 Rae8 28.Rh3 b5 29.axb6 Nxb6
30.Qxc5 Nd7 31.Qc6 Qf5 32.Rh4 Rb8 33.Nd1 Rbc8 34.Qe4 Qb5+ 35.Ke1 Nc5 36.Nd4 Qb4+
37.Kf1 Nxe4 38.Rxe4 Qb7  0-1

[Event "TCh-POL 2nd League 2018"]
[Site "Jastrzebia Gora POL"]
[Date "2018.09.09"]
[Round "9.4"]
[White "Marszalek,Mac"]
[Black "Aliavdin,N"]
[Result "1/2-1/2"]
[WhiteElo "2272"]
[BlackElo "2323"]

1.d4 Nf6 2.c4 c5 3.d5 e6 4.Nc3 exd5 5.cxd5 d6 6.Nf3 g6 7.e4 a6 8.a4 Bg4 9.Be2 Bg7
10.O-O O-O 11.h3 Bxf3 12.Bxf3 Nbd7 13.Bf4 Qc7 14.Re1 Rfe8 15.Qc2 c4 16.Be2 Rac8
17.a5 Nc5 18.Bxc4 Ncxe4 19.Nxe4 Rxe4 20.Rxe4 Nxe4 21.Qxe4 Qxc4 22.Rc1 Qxe4
23.Rxc8+ Bf8 24.Bh6 Qe7 25.f4 f5 26.Rxf8+ Qxf8 27.Bxf8 Kxf8 28.Kf2 Kf7 29.g3 h6
30.h4 h5 31.Ke3  1/2-1/2

[Event "3rd Mersin Open 2018"]
[Site "Mersin TUR"]
[Date "2018.09.12"]
[Round "6.1"]
[White "Shishkin,Va UKR"]
[Black "Rasulov,Vu"]
[Result "1/2-1/2"]
[WhiteElo "2443"]
[BlackElo "2527"]

1.d4 Nf6 2.c4 e6 3.Nc3 c5 4.d5 exd5 5.cxd5 d6 6.Nf3 g6 7.h3 Bg7 8.Bf4 O-O
9.e3 a6 10.a4 Re8 11.Be2 Ne4 12.Nxe4  1/2-1/2

[Event "2nd Hyderabad Open 2018"]
[Site "Hyderabad IND"]
[Date "2018.09.23"]
[Round "9.7"]
[White "Sriram,J"]
[Black "Ramakrishna,J"]
[Result "1/2-1/2"]
[WhiteElo "2402"]
[BlackElo "2097"]

1.d4 Nf6 2.c4 c5 3.d5 e6 4.Nc3 exd5 5.cxd5 d6 6.Nf3 g6 7.Nd2 Bg7 8.e4 O-O
9.Be2 a6 10.a4 Re8 11.O-O Nbd7 12.Qc2 Qe7 13.Re1 h5 14.Nc4 Ng4 15.h3 Nge5
16.Ne3 Nf8 17.Bd2 Qh4 18.Rf1 Bxh3 19.gxh3 Qxh3 20.Ng2 Nh7 21.Ra3 Nf6 22.Nd1 Qd7
23.Nde3 b5 24.axb5 axb5 25.Rxa8 Rxa8 26.f4 Neg4 27.Nxg4 hxg4 28.f5 Re8 29.fxg6 fxg6
30.e5 Rxe5 31.Bc3 Rf5 32.Rxf5 gxf5 33.Ne3 b4 34.Bxf6 Bxf6 35.Nxf5 Bxb2 36.Nh6+ Kg7
37.Qxb2+ Kxh6 38.Qf6+ Kh7 39.Bd3+ Kg8 40.Bf5 Qg7 41.Qd8+ Kf7 42.Be6+ Kg6
43.Qxd6 Qd4+ 44.Kf1 Qd3+ 45.Kf2 Qf3+ 46.Kg1 Qe3+ 47.Kg2 Qf3+ 48.Kg1 Qe3+
49.Kg2 Qf3+ 50.Kg1 Qe3+ 51.Kg2 Qf3+  1/2-1/2